Представление документа в формате MARC21

Поле Инд. ПП Название Значение
Тип записи a
Библиографический уровень b
001 Контрольный номер d5dd6e3a943c40d289b8612387198e01
005 Дата корректировки 20210908160238.5
024 80 a Стандартный номер DOI: 10.1088/0954-3899/34/4/R01
040 a Служба первич. каталог. Web of Science
041 0_ a Код языка текста rus
097 a Костяева О.Г.
100 1_ q Полное имя Оганесян Юрий Цолакович
g Прочие сведения РИНЦ AuthorID: 21136 (http://elibrary.ru/author_profile.asp?id= 21136); Scopus Author ID: 35401658500 (https://www.scopus.com/authid/detail.uri?authorId=35401658500)
u Дополнение Оганесян Ю. Ц.; Oganessian Yu Ts
a Автор Oganessian Yu. Ts.
i 000091251
245 10 a Заглавие Heaviest Nuclei from Ca-48-induced Reactions
773 18 t Название источника Journal of Physics G: Nuclear and Particle Physics
d Место и дата издания 2007
g Прочая информация V. 34. - № 4. - P. R165 - R242
w Контрольный № источника ef8e195b47054011a70e823af1bdce48
901 t Тип документа b
952 c Вид литературы статья в журнале